| 000 | 00363nam a22001337a 4500 | ||
|---|---|---|---|
| 020 | _a0194572064 | ||
| 040 | _cNust | ||
| 082 |
_a651.74 _bASH |
||
| 100 | _aA. Ashley | ||
| 245 | _aA handbook of commercial correspondence | ||
| 260 |
_aNew York: _bOxford University Press, _c2000. |
||
| 650 |
_aA handbook of commercial correspondence _9125416 |
||
| 942 |
_2ddc _cBK |
||
| 999 |
_c611171 _d611171 |
||